| 000 | 01311nam0a22003131 4500 | ||
|---|---|---|---|
| 001 | rc\3991539 | ||
| 005 | 20250630143824.0 | ||
| 021 |
_aRU _b[46-18123] |
||
| 035 | _a(NLR Aleph) 008067738 | ||
| 090 |
_a9043604 _c9043604 |
||
| 100 | _a20130415d1946 |||y0rusy50 ca | ||
| 101 | 0 | _arus | |
| 102 | _aRU | ||
| 105 | _aac z ||||| | ||
| 200 | 1 |
_aПуссен _e[Его творческий путь, метод и теория искусства] |
|
| 210 |
_aМосква _cИзд-во Гос. музея изобраз. искусств им. А.С. Пушкина _d1946 _g2-я тип. Изд-ва Акад. наук СССР |
||
| 215 |
_a191 с., 2 л. ил., портр. _cил. _d25 |
||
| 300 | _aПеред загл. автор: В.Н. Вольская, на переплете автор не указан | ||
| 320 | _aБиблиогр.: с. 177-181 | ||
| 606 |
_aФранцузская живопись _z17 в. _2psbo |
||
| 606 |
_aХудожники французские _2psbo |
||
| 700 | 1 |
_aВольская _bВ. Н. _gВера Николаевна |
|
| 702 | 1 |
_4570 _7ca _8rus _aПуссен _bН. _f1594-1665 _gНикола _9251973 _3RU\NLR\AUTH\770252029 |
|
| 801 | 0 |
_aRU _bNLR _gpsbo |
|
| 801 | 1 |
_aRU _bELAR _2rusmarc |
|
| 852 |
_aNLR _jИс30 Г-7/7 |
||
| 942 | _cBOOK | ||
| 980 | _aNB | ||